Islamic Methodology in History (Record no. 243200)
[ view plain ]
| 000 -LEADER | |
|---|---|
| fixed length control field | 00230 a2200109 4500 |
| 001 - CONTROL NUMBER | |
| control field | 8127 |
| 003 - CONTROL NUMBER IDENTIFIER | |
| control field | NUST |
| 005 - DATE AND TIME OF LATEST TRANSACTION | |
| control field | 20180118183952.0 |
| 008 - FIXED-LENGTH DATA ELEMENTS--GENERAL INFORMATION | |
| fixed length control field | 180118b xxu||||| |||| 00| 0 eng d |
| 082 ## - DEWEY DECIMAL CLASSIFICATION NUMBER | |
| Classification number | 297 RAH |
| 100 ## - MAIN ENTRY--PERSONAL NAME | |
| Personal name | Rehman.H |
| 9 (RLIN) | 8958 |
| 245 ## - TITLE STATEMENT | |
| Title | Islamic Methodology in History |
| 260 ## - PUBLICATION, DISTRIBUTION, ETC. | |
| Name of publisher, distributor, etc. | C.I.I.R |
| 942 ## - ADDED ENTRY ELEMENTS (KOHA) | |
| Institution code [OBSOLETE] | NUST-CAE |
| Koha item type | Book |
| Call number prefix | 297 RAH |
| Source of classification or shelving scheme | |
| Withdrawn status | Lost status | Damaged status | Not for loan | Collection code | Permanent Location | Current Location | Date acquired | Total Checkouts | Full call number | Barcode | Date last seen | Price effective from | Koha item type |
|---|---|---|---|---|---|---|---|---|---|---|---|---|---|
| College of Aeronautical Engineering (CAE) | College of Aeronautical Engineering (CAE) | 04/03/2017 | 297 RAH | CAE8930 | 04/05/2017 | 04/05/2017 | Book |
